00514nam a2200169 a 450000100080000000500110000800800410001910000390006024500520009926000440015130000150019552000430021065300290025365300210028265300190030365300220032210240372022-07-22 2013 bl uuuu 00u1 u #d1 aESPÍRITO SANTO (ESTADO). GOVERNO. aEspírito Santo 2030. Plano de desenvolvimento. aVitória, ES: Contemporânea Ltdac2013 a246p.cil. aPlano de governo de Renato Casagrande. aEspírito Santo (Estado) aPlano de Governo aPlano de Metas aRenato Casagrande